Normal view
MARC view
Entry Topical Term
001 - CONTROL NUMBER
- control field: 735530
003 - CONTROL NUMBER IDENTIFIER
- control field:
005 - DATE AND TIME OF LATEST TRANSACTION
- control field: 20210627045113.0
008 - FIXED-LENGTH DATA ELEMENTS
- fixed length control field: 210627|| aca||aabn | a|a d
040 ## - CATALOGING SOURCE
- Original cataloging agency:
- Transcribing agency:
150 ## - HEADING--TOPICAL TERM
- Topical term or geographic name entry element: Urdu literatures
- General subdivision: Periodicals
- Chronological subdivision: 1982
- Geographic subdivision: Aligarh /z India
670 ## - SOURCE DATA FOUND
- Source citation: Work cat.: ()608536: Tahaibul Akhlaq (Monyhly):, 1982
